000 00517cam a2200193ua 4500
001 7144
008 141127n ii |||gr||||Z||||||eng
040 _cMAIN
041 _aeng
082 _a909.08
100 _aGrover, B.L.,
_eAuthor.
245 1 _aA new look on modern Indian history :
_bFrom 1707 to present day /
_cBy B.L. Grover .
250 _a8th rev.
260 _aNew Delhi:
_bS. Chand,
_c1986.
300 _axix,652p.
653 _aModern Indian History
700 _aGrover, S.,
_eAuthor.
942 _cBK
999 _c6270
_d6270